[Event "World Chess Olympiad 2018"]
[Site "Batumi"]
[Date "2018.09.28"]
[Round "5"]
[Board "1"]
[WhiteFideId "5201268"]
[White "Sadorra Julio Catalino"]
[BlackFideId "5300118"]
[Black "Eid Fadi"]
[Result "1/2-1/2"]
[LiveChessVersion "1.4.8"]
[BlackElo "2328"]
[WhiteElo "2553"]

1. d4 {[%clk 1:30:37]} Nf6 {[%clk 1:30:38]} 2. Nf3 {[%clk 1:30:44]} g6
{[%clk 1:30:59]} 3. g3 {[%clk 1:28:51]} Bg7 {[%clk 1:31:20]} 4. Bg2
{[%clk 1:29:17]} O-O {[%clk 1:31:42]} 5. O-O {[%clk 1:29:41]} d6 {[%clk 1:32:07]}
6. c4 {[%clk 1:29:55]} Nc6 {[%clk 1:32:28]} 7. Nc3 {[%clk 1:30:16]} Bg4
{[%clk 1:31:55]} 8. d5 {[%clk 1:27:57]} Na5 {[%clk 1:28:54]} 9. Nd2
{[%clk 1:26:23]} c5 {[%clk 1:27:42]} 10. h3 {[%clk 1:25:08]} Bd7 {[%clk 1:26:35]}
11. Qc2 {[%clk 1:25:00]} a6 {[%clk 1:26:37]} 12. b3 {[%clk 1:25:26]} b5
{[%clk 1:26:05]} 13. Bb2 {[%clk 1:25:50]} Rb8 {[%clk 1:25:44]} 14. Rab1
{[%clk 1:26:04]} e6 {[%clk 1:19:39]} 15. e4 {[%clk 1:16:55]} bxc4
{[%clk 1:13:18]} 16. bxc4 {[%clk 1:17:10]} Rb4 {[%clk 1:06:38]} 17. Ba3
{[%clk 1:00:43]} Rxc4 {[%clk 1:01:44]} 18. Nxc4 {[%clk 1:00:10]} Nxc4
{[%clk 1:02:11]} 19. Bc1 {[%clk 1:00:31]} Qa5 {[%clk 0:56:05]} 20. Rb7
{[%clk 0:51:31]} exd5 {[%clk 0:42:49]} 21. exd5 {[%clk 0:47:01]} Na3
{[%clk 0:36:12]} 22. Bxa3 {[%clk 0:39:04]} Qxa3 {[%clk 0:35:44]} 23. Qb3
{[%clk 0:37:12]} Qa5 {[%clk 0:35:44]} 24. Rc1 {[%clk 0:34:24]} Bh6
{[%clk 0:33:44]} 25. Rd1 {[%clk 0:24:01]} Re8 {[%clk 0:30:36]} 26. Bf1
{[%clk 0:15:38]} Bg7 {[%clk 0:29:38]} 27. Rc1 {[%clk 0:13:59]} Bh6
{[%clk 0:28:29]} 28. Rd1 {[%clk 0:14:07]} Bg7 {[%clk 0:28:52]} 29. Rc1
{[%clk 0:14:26]} Bh6 {[%clk 0:29:20]} 30. Rb1 {[%clk 0:14:53]} Bd2
{[%clk 0:27:37]} 31. Ne2 {[%clk 0:12:34]} Bb5 {[%clk 0:27:26]} 32. Qf3
{[%clk 0:11:25]} Kg7 {[%clk 0:23:28]} 33. Nf4 {[%clk 0:11:54]} Bxf4
{[%clk 0:23:46]} 34. Bxb5 {[%clk 0:10:24]} axb5 {[%clk 0:24:14]} 35. Qxf4
{[%clk 0:10:49]} Qxa2 {[%clk 0:23:08]} 36. R7xb5 {[%clk 0:09:36]} Qxd5
{[%clk 0:21:02]} 37. Rb6 {[%clk 0:09:50]} Re5 {[%clk 0:20:20]} 38. Rb8
{[%clk 0:08:29]} h5 {[%clk 0:20:07]} 39. Rd8 {[%clk 0:07:25]} g5 {[%clk 0:19:46]}
40. Qc1 {[%clk 0:37:24]} h4 {[%clk 0:46:10]} 41. gxh4 {[%clk 0:35:22]} gxh4
{[%clk 0:43:59]} 42. Kh2 {[%clk 0:35:49]} Rg5 {[%clk 0:43:00]} 43. Qxg5+
{[%clk 0:34:30]} Qxg5 {[%clk 0:42:58]} 44. Rg1 {[%clk 0:34:59]} Qxg1+
{[%clk 0:43:11]} 45. Kxg1 {[%clk 0:35:28]} d5 {[%clk 0:42:46]} 46. Kg2
{[%clk 0:34:46]} Kg6 {[%clk 0:41:50]} 47. Kf3 {[%clk 0:34:13]} Kf5
{[%clk 0:41:05]} 48. Rh8 {[%clk 0:32:03]} Ke5 {[%clk 0:40:37]} 49. Rxh4
{[%clk 0:30:57]} Ne4 {[%clk 0:38:42]} 50. Rh8 {[%clk 0:30:53]} Kd4
{[%clk 0:38:50]} 51. h4 {[%clk 0:29:06]} Kd3 {[%clk 0:38:44]} 52. Kf4
{[%clk 0:15:20]} c4 {[%clk 0:37:34]} 53. f3 {[%clk 0:14:31]} Nc5 {[%clk 0:37:57]}
54. h5 {[%clk 0:10:30]} c3 {[%clk 0:36:37]} 55. Rc8 {[%clk 0:09:28]} Nd7
{[%clk 0:36:17]} 56. Kf5 {[%clk 0:09:05]} c2 {[%clk 0:36:21]} 57. h6
{[%clk 0:09:04]} Nf8 {[%clk 0:35:04]} 58. Kf6 {[%clk 0:02:30]} Ng6
{[%clk 0:35:08]} 59. Kxf7 {[%clk 0:02:45]} Ne5+ {[%clk 0:35:32]} 60. Kg8
{[%clk 0:02:11]} Nc4 {[%clk 0:35:56]} 61. h7 {[%clk 0:02:38]} c1=Q
{[%clk 0:36:04]} 62. h8=Q {[%clk 0:03:01]} Qg5+ {[%clk 0:35:38]} 63. Qg7
{[%clk 0:03:25]} Qxg7+ {[%clk 0:35:51]} 64. Kxg7 {[%clk 0:03:54]} Ke3
{[%clk 0:36:12]} 65. Rf8 {[%clk 0:04:09]} d4 {[%clk 0:35:23]} 66. f4
{[%clk 0:03:07]} d3 {[%clk 0:32:55]} 67. Rd8 {[%clk 0:02:55]} Kxf4
{[%clk 0:33:23]} 68. Rxd3 {[%clk 0:03:16]} Ne5 {[%clk 0:33:20]} 69. Rd1
{[%clk 0:03:30]} Kf5 {[%clk 0:33:35]} 70. Re1 {[%clk 0:03:47]} Nf3
{[%clk 0:33:40]} 71. Rf1 {[%clk 0:04:12]} Ke4 {[%clk 0:33:54]} 72. Kf6
{[%clk 0:04:39]} Kf4 {[%clk 0:34:18]} 73. Ra1 {[%clk 0:04:58]} Nd4
{[%clk 0:34:36]} 74. Ra4 {[%clk 0:05:17]} Ke4 {[%clk 0:35:03]} 75. Kg5
{[%clk 0:05:38]} Ke5 {[%clk 0:35:25]} 76. Kg4 {[%clk 0:05:54]} Ke4
{[%clk 0:35:52]} 77. Ra8 {[%clk 0:06:16]} Ne6 {[%clk 0:36:13]} 78. Ra1
{[%clk 0:06:32]} Nd4 {[%clk 0:36:19]} 79. Re1+ {[%clk 0:06:54]} Kd5
{[%clk 0:36:31]} 80. Kf4 {[%clk 0:07:19]} Ne6+ {[%clk 0:36:48]} 81. Kf5
{[%clk 0:07:33]} Nd4+ {[%clk 0:36:38]} 82. Kf4 {[%clk 0:07:58]} Ne6+
{[%clk 0:37:03]} 83. Kf5 {[%clk 0:08:26]} Nd4+ {[%clk 0:37:30]} 1/2-1/2

[Event "World Chess Olympiad 2018"]
[Site "Batumi"]
[Date "2018.09.28"]
[Round "5"]
[Board "2"]
[WhiteFideId "5300380"]
[White "El Jawich Amro"]
[BlackFideId "5201381"]
[Black "Gomez John Paul"]
[Result "1-0"]
[LiveChessVersion "1.4.8"]
[BlackElo "2464"]
[WhiteElo "2276"]

1. e4 {[%clk 1:30:57]} e5 {[%clk 1:30:50]} 2. Nf3 {[%clk 1:31:17]} Nc6
{[%clk 1:31:15]} 3. Bb5 {[%clk 1:31:18]} Nf6 {[%clk 1:31:31]} 4. d3
{[%clk 1:31:27]} Bc5 {[%clk 1:31:47]} 5. c3 {[%clk 1:31:29]} O-O {[%clk 1:31:50]}
6. O-O {[%clk 1:31:41]} d6 {[%clk 1:32:07]} 7. h3 {[%clk 1:31:39]} Ne7
{[%clk 1:28:09]} 8. d4 {[%clk 1:31:16]} Bb6 {[%clk 1:28:19]} 9. Bd3
{[%clk 1:31:24]} Ng6 {[%clk 1:28:19]} 10. Re1 {[%clk 1:14:40]} c6
{[%clk 1:24:39]} 11. Nbd2 {[%clk 1:12:33]} Re8 {[%clk 1:24:03]} 12. Nc4
{[%clk 1:07:11]} Bc7 {[%clk 1:24:10]} 13. dxe5 {[%clk 1:02:55]} dxe5
{[%clk 1:24:19]} 14. a4 {[%clk 0:56:05]} Nh5 {[%clk 1:15:55]} 15. Bg5
{[%clk 0:53:24]} f6 {[%clk 1:14:22]} 16. Be3 {[%clk 0:51:58]} Qe7
{[%clk 1:06:41]} 17. Bf1 {[%clk 0:45:40]} Ngf4 {[%clk 1:04:02]} 18. g4
{[%clk 0:38:44]} g5 {[%clk 0:59:37]} 19. gxh5 {[%clk 0:35:58]} Nxh3+
{[%clk 0:59:07]} 20. Bxh3 {[%clk 0:33:18]} Bxh3 {[%clk 0:59:28]} 21. Nh2
{[%clk 0:31:04]} h6 {[%clk 0:55:14]} 22. Qf3 {[%clk 0:29:10]} Be6
{[%clk 0:50:49]} 23. Nd2 {[%clk 0:29:00]} g4 {[%clk 0:50:10]} 24. Qg2
{[%clk 0:26:43]} Kh7 {[%clk 0:49:46]} 25. Nhf1 {[%clk 0:23:19]} f5
{[%clk 0:41:29]} 26. exf5 {[%clk 0:23:10]} Bxf5 {[%clk 0:41:44]} 27. Ng3
{[%clk 0:20:51]} Bd3 {[%clk 0:41:31]} 28. Nde4 {[%clk 0:20:27]} Qf7
{[%clk 0:37:16]} 29. Rad1 {[%clk 0:19:54]} 1-0

[Event "World Chess Olympiad 2018"]
[Site "Batumi"]
[Date "2018.09.28"]
[Round "5"]
[Board "3"]
[WhiteFideId "5203953"]
[White "Pascua Haridas"]
[BlackFideId "5300398"]
[Black "Tomb Maroun"]
[Result "1-0"]
[LiveChessVersion "1.4.8"]
[BlackElo "2177"]
[WhiteElo "2435"]

1. d4 {[%clk 1:30:51]} Nf6 {[%clk 1:30:26]} 2. c4 {[%clk 1:31:07]} g6
{[%clk 1:30:17]} 3. Nc3 {[%clk 1:31:01]} Bg7 {[%clk 1:30:22]} 4. e4
{[%clk 1:30:03]} d6 {[%clk 1:30:31]} 5. f3 {[%clk 1:25:04]} c5 {[%clk 1:27:57]}
6. dxc5 {[%clk 1:23:12]} dxc5 {[%clk 1:26:55]} 7. Qxd8+ {[%clk 1:22:33]} Kxd8
{[%clk 1:27:22]} 8. Be3 {[%clk 1:22:56]} b6 {[%clk 1:22:34]} 9. O-O-O+
{[%clk 1:21:26]} Nfd7 {[%clk 1:22:06]} 10. Nge2 {[%clk 1:18:55]} Ba6
{[%clk 1:19:58]} 11. Nb5 {[%clk 1:18:52]} Nc6 {[%clk 1:18:55]} 12. f4
{[%clk 1:16:54]} Bb7 {[%clk 1:12:15]} 13. g3 {[%clk 0:52:38]} Na5
{[%clk 0:58:40]} 14. Bh3 {[%clk 0:52:20]} Bc6 {[%clk 0:54:48]} 15. b3
{[%clk 0:50:37]} a6 {[%clk 0:53:21]} 16. Nbc3 {[%clk 0:49:56]} e6
{[%clk 0:52:00]} 17. Rhf1 {[%clk 0:47:31]} Ke7 {[%clk 0:45:55]} 18. f5
{[%clk 0:41:33]} h6 {[%clk 0:45:11]} 19. fxe6 {[%clk 0:39:22]} fxe6
{[%clk 0:44:50]} 20. Nf4 {[%clk 0:37:17]} Nf8 {[%clk 0:37:50]} 21. Kc2
{[%clk 0:27:23]} g5 {[%clk 0:36:28]} 22. Nd3 {[%clk 0:27:42]} Nd7
{[%clk 0:29:25]} 23. Nd5+ {[%clk 0:20:44]} exd5 {[%clk 0:28:42]} 24. exd5
{[%clk 0:21:09]} Nxc4 {[%clk 0:24:39]} 25. Rde1 {[%clk 0:21:31]} Na3+
{[%clk 0:23:17]} 26. Kd2 {[%clk 0:17:38]} Bxd5 {[%clk 0:21:59]} 27. Bxc5+
{[%clk 0:16:17]} Kd8 {[%clk 0:22:17]} 28. Bxa3 {[%clk 0:14:33]} Bf8
{[%clk 0:18:53]} 29. Bb2 {[%clk 0:11:57]} Rh7 {[%clk 0:18:44]} 30. Bd4
{[%clk 0:10:44]} Kc7 {[%clk 0:17:38]} 31. Rf5 {[%clk 0:09:02]} Bc6
{[%clk 0:17:06]} 32. Rc1 {[%clk 0:07:05]} Rd8 {[%clk 0:15:47]} 33. Bg2
{[%clk 0:03:47]} Nc5 {[%clk 0:13:54]} 34. Bxc5 {[%clk 0:03:14]} bxc5
{[%clk 0:12:30]} 35. Bxc6 {[%clk 0:03:40]} Kxc6 {[%clk 0:12:49]} 36. Kc2
{[%clk 0:03:29]} Rc7 {[%clk 0:05:28]} 37. Re1 {[%clk 0:02:53]} Kb7
{[%clk 0:05:28]} 38. Nb2 {[%clk 0:03:07]} Bg7 {[%clk 0:05:00]} 39. Nc4
{[%clk 0:03:31]} Rdd7 {[%clk 0:03:18]} 40. Re6 {[%clk 0:33:34]} Ka7
{[%clk 0:30:54]} 41. h3 {[%clk 0:30:22]} Rd8 {[%clk 0:18:09]} 42. g4
{[%clk 0:29:36]} Rh8 {[%clk 0:17:35]} 43. a4 {[%clk 0:26:21]} Bd4
{[%clk 0:16:23]} 44. Rd5 {[%clk 0:18:49]} h5 {[%clk 0:15:11]} 45. Rxg5
{[%clk 0:15:29]} hxg4 {[%clk 0:15:32]} 46. hxg4 {[%clk 0:15:54]} Rh2+
{[%clk 0:15:54]} 47. Kd3 {[%clk 0:16:11]} Rh3+ {[%clk 0:10:44]} 48. Ke4
{[%clk 0:16:35]} Rxb3 {[%clk 0:10:58]} 49. Rgg6 {[%clk 0:17:01]} Rb4
{[%clk 0:09:26]} 50. Rxa6+ {[%clk 0:17:14]} Kb8 {[%clk 0:07:58]} 51. Rab6+
{[%clk 0:09:15]} Rb7 {[%clk 0:07:30]} 52. Rxb4 {[%clk 0:09:28]} Rxb4
{[%clk 0:07:48]} 53. Rb6+ {[%clk 0:09:20]} Rxb6 {[%clk 0:07:56]} 54. Nxb6
{[%clk 0:09:47]} Kb7 {[%clk 0:05:11]} 55. Nc4 {[%clk 0:10:11]} Kc6
{[%clk 0:05:07]} 56. g5 {[%clk 0:10:35]} Bh8 {[%clk 0:05:21]} 57. Kf5
{[%clk 0:08:53]} 1-0

[Event "World Chess Olympiad 2018"]
[Site "Batumi"]
[Date "2018.09.28"]
[Round "5"]
[Board "4"]
[WhiteFideId "5302803"]
[White "Al Kaoury Mahdi"]
[BlackFideId "5204674"]
[Black "Turqueza Mari Joseph"]
[Result "1-0"]
[LiveChessVersion "1.4.8"]
[BlackElo "2360"]
[WhiteElo "2106"]

1. c4 {[%clk 1:30:51]} c5 {[%clk 1:30:25]} 2. Nc3 {[%clk 1:31:17]} Nc6
{[%clk 1:30:25]} 3. g3 {[%clk 1:31:43]} g6 {[%clk 1:29:32]} 4. Bg2
{[%clk 1:32:09]} Bg7 {[%clk 1:29:56]} 5. e3 {[%clk 1:32:21]} Nh6 {[%clk 1:18:03]}
6. Nge2 {[%clk 1:32:21]} Nf5 {[%clk 1:18:23]} 7. O-O {[%clk 1:32:22]} a6
{[%clk 1:17:33]} 8. a3 {[%clk 1:32:32]} Rb8 {[%clk 1:16:07]} 9. Rb1
{[%clk 1:31:21]} b5 {[%clk 1:04:03]} 10. cxb5 {[%clk 1:30:13]} axb5
{[%clk 1:04:13]} 11. b4 {[%clk 1:30:22]} cxb4 {[%clk 1:02:47]} 12. axb4
{[%clk 1:30:46]} e6 {[%clk 0:58:41]} 13. Ne4 {[%clk 1:26:55]} d5 {[%clk 0:56:57]}
14. Nc5 {[%clk 1:26:31]} h5 {[%clk 0:57:06]} 15. d3 {[%clk 1:23:00]} h4
{[%clk 0:34:05]} 16. e4 {[%clk 1:21:37]} Nfd4 {[%clk 0:23:55]} 17. exd5
{[%clk 1:19:44]} exd5 {[%clk 0:22:52]} 18. Nxd4 {[%clk 1:19:24]} Nxd4
{[%clk 0:23:16]} 19. Re1+ {[%clk 1:19:27]} Kf8 {[%clk 0:23:37]} 20. Be3
{[%clk 1:16:41]} Rb6 {[%clk 0:19:44]} 21. Nb3 {[%clk 1:16:43]} hxg3
{[%clk 0:13:05]} 22. Nxd4 {[%clk 1:11:10]} gxf2+ {[%clk 0:08:03]} 23. Bxf2
{[%clk 1:11:05]} g5 {[%clk 0:04:05]} 24. Qc1 {[%clk 1:08:42]} Bd7
{[%clk 0:02:48]} 25. Qc5+ {[%clk 1:05:32]} Kg8 {[%clk 0:03:16]} 26. Nf5
{[%clk 1:04:46]} Bxf5 {[%clk 0:02:25]} 27. Qxb6 {[%clk 1:05:09]} Qd7
{[%clk 0:02:46]} 28. Rbc1 {[%clk 1:00:09]} Bxd3 {[%clk 0:02:33]} 29. Qe3
{[%clk 0:59:38]} Qf5 {[%clk 0:02:16]} 30. Qf3 {[%clk 0:54:29]} Qxf3
{[%clk 0:01:21]} 31. Bxf3 {[%clk 0:54:47]} Bc4 {[%clk 0:01:46]} 32. Rcd1
{[%clk 0:54:29]} Bc3 {[%clk 0:01:04]} 33. Re8+ {[%clk 0:54:48]} 1-0

[Event "World Chess Olympiad 2018"]
[Site "Batumi"]
[Date "2018.09.28"]
[Round "5"]
[Board "1"]
[WhiteFideId "8102368"]
[White "Moayed Obied"]
[BlackFideId "11601388"]
[Black "Neiksans Arturs"]
[Result "0-1"]
[LiveChessVersion "1.4.8"]
[BlackElo "2566"]
[WhiteElo "2125"]

1. d4 {[%clk 1:30:33]} f5 {[%clk 1:30:55]} 2. g3 {[%clk 1:27:25]} Nf6
{[%clk 1:31:19]} 3. Bg2 {[%clk 1:27:50]} g6 {[%clk 1:30:04]} 4. h4
{[%clk 1:26:27]} d6 {[%clk 1:28:26]} 5. Nh3 {[%clk 1:26:37]} c6 {[%clk 1:27:34]}
6. c3 {[%clk 1:25:26]} Bg7 {[%clk 1:25:21]} 7. Bf4 {[%clk 1:22:04]} h6
{[%clk 1:21:58]} 8. Nd2 {[%clk 1:16:44]} Nbd7 {[%clk 1:15:31]} 9. Nc4
{[%clk 0:56:20]} Qc7 {[%clk 1:09:43]} 10. a4 {[%clk 0:56:12]} Nb6
{[%clk 1:03:35]} 11. Nxb6 {[%clk 0:53:43]} axb6 {[%clk 1:03:58]} 12. Qb3
{[%clk 0:51:53]} b5 {[%clk 1:01:29]} 13. O-O {[%clk 0:45:58]} bxa4
{[%clk 0:59:32]} 14. Rxa4 {[%clk 0:46:12]} Rxa4 {[%clk 0:59:57]} 15. Qxa4
{[%clk 0:46:34]} e5 {[%clk 0:54:51]} 16. dxe5 {[%clk 0:43:44]} dxe5
{[%clk 0:55:16]} 17. Be3 {[%clk 0:41:33]} O-O {[%clk 0:55:30]} 18. Bc5
{[%clk 0:36:42]} Rd8 {[%clk 0:51:17]} 19. Rd1 {[%clk 0:33:55]} Be6
{[%clk 0:51:34]} 20. Kf1 {[%clk 0:25:51]} Kh7 {[%clk 0:47:22]} 21. Ke1
{[%clk 0:19:04]} Rxd1+ {[%clk 0:39:46]} 22. Qxd1 {[%clk 0:19:04]} Qa5
{[%clk 0:39:44]} 23. Bb4 {[%clk 0:16:06]} Qa2 {[%clk 0:39:07]} 24. Qc1
{[%clk 0:15:51]} Nd5 {[%clk 0:38:15]} 25. Ba3 {[%clk 0:15:38]} Nb6
{[%clk 0:31:58]} 26. Be7 {[%clk 0:06:37]} Nc4 {[%clk 0:30:13]} 27. h5
{[%clk 0:06:02]} gxh5 {[%clk 0:28:38]} 28. b4 {[%clk 0:04:24]} e4
{[%clk 0:24:12]} 29. Nf4 {[%clk 0:03:50]} Bxc3+ {[%clk 0:24:05]} 30. Kf1
{[%clk 0:03:37]} Bd2 {[%clk 0:22:43]} 31. Qd1 {[%clk 0:03:46]} Ne3+
{[%clk 0:22:14]} 32. fxe3 {[%clk 0:04:02]} Bb3 {[%clk 0:22:40]} 33. Bh3
{[%clk 0:03:22]} Bxd1 {[%clk 0:22:52]} 34. Bxf5+ {[%clk 0:03:33]} Kg7
{[%clk 0:23:11]} 35. Be6 {[%clk 0:02:23]} Qxe6 {[%clk 0:22:59]} 0-1

[Event "World Chess Olympiad 2018"]
[Site "Batumi"]
[Date "2018.09.28"]
[Round "5"]
[Board "2"]
[WhiteFideId "11602740"]
[White "Meshkovs Nikita"]
[BlackFideId "8100144"]
[Black "Mansour Sameer"]
[Result "1-0"]
[LiveChessVersion "1.4.8"]
[BlackElo "2232"]
[WhiteElo "2535"]

1. Nf3 {[%clk 1:30:57]} g6 {[%clk 1:28:56]} 2. g3 {[%clk 1:31:21]} Bg7
{[%clk 1:29:15]} 3. Bg2 {[%clk 1:31:29]} c5 {[%clk 1:27:59]} 4. d4
{[%clk 1:29:00]} cxd4 {[%clk 1:28:07]} 5. Nxd4 {[%clk 1:29:25]} Nc6
{[%clk 1:28:27]} 6. Nb3 {[%clk 1:29:50]} Nf6 {[%clk 1:28:21]} 7. Nc3
{[%clk 1:29:33]} O-O {[%clk 1:28:22]} 8. O-O {[%clk 1:28:38]} d6 {[%clk 1:28:15]}
9. e4 {[%clk 1:28:30]} a5 {[%clk 1:24:16]} 10. a4 {[%clk 1:28:07]} Nb4
{[%clk 1:21:57]} 11. Nb5 {[%clk 1:26:37]} Bg4 {[%clk 1:21:35]} 12. f3
{[%clk 1:15:01]} Qb6+ {[%clk 1:12:22]} 13. Qd4 {[%clk 1:03:27]} Qxd4+
{[%clk 1:10:44]} 14. N3xd4 {[%clk 1:03:50]} Bd7 {[%clk 1:09:37]} 15. c3
{[%clk 0:58:42]} Nd3 {[%clk 1:03:21]} 16. Rd1 {[%clk 0:59:06]} Nxc1
{[%clk 1:02:51]} 17. Raxc1 {[%clk 0:59:30]} Rfc8 {[%clk 1:02:59]} 18. Bf1
{[%clk 0:58:00]} Bc6 {[%clk 0:55:33]} 19. Ra1 {[%clk 0:51:14]} d5
{[%clk 0:51:01]} 20. e5 {[%clk 0:46:35]} Nd7 {[%clk 0:50:59]} 21. e6
{[%clk 0:43:32]} Nc5 {[%clk 0:51:11]} 22. exf7+ {[%clk 0:43:27]} Kxf7
{[%clk 0:51:28]} 23. Bh3 {[%clk 0:43:53]} Bd7 {[%clk 0:48:06]} 24. Bxd7
{[%clk 0:42:40]} Nxd7 {[%clk 0:48:25]} 25. Ne2 {[%clk 0:43:05]} Nb6
{[%clk 0:46:10]} 26. f4 {[%clk 0:39:08]} Rc5 {[%clk 0:42:53]} 27. b3
{[%clk 0:39:19]} Rd8 {[%clk 0:40:18]} 28. Rd3 {[%clk 0:35:30]} e6
{[%clk 0:38:33]} 29. Re1 {[%clk 0:35:39]} Nc8 {[%clk 0:34:18]} 30. Ned4
{[%clk 0:32:13]} Bxd4+ {[%clk 0:22:40]} 31. Nxd4 {[%clk 0:31:34]} Rd6
{[%clk 0:22:49]} 32. Rde3 {[%clk 0:31:38]} Rdc6 {[%clk 0:09:42]} 33. Nxe6
{[%clk 0:25:08]} Rxe6 {[%clk 0:06:50]} 34. Rxe6 {[%clk 0:25:32]} Rxc3
{[%clk 0:07:09]} 35. Re8 {[%clk 0:25:56]} Rc7 {[%clk 0:06:16]} 36. Rd8
{[%clk 0:25:38]} Ne7 {[%clk 0:06:25]} 37. Rd6 {[%clk 0:25:09]} h5
{[%clk 0:05:01]} 38. Kf2 {[%clk 0:24:39]} Nc6 {[%clk 0:01:47]} 39. Rxd5
{[%clk 0:24:30]} Nb4 {[%clk 0:02:03]} 40. Rd2 {[%clk 0:54:40]} 1-0

[Event "World Chess Olympiad 2018"]
[Site "Batumi"]
[Date "2018.09.28"]
[Round "5"]
[Board "3"]
[WhiteFideId "8103178"]
[White "Ahmad Al Khatib"]
[BlackFideId "11602945"]
[Black "Kantans Toms"]
[Result "0-1"]
[LiveChessVersion "1.4.8"]
[BlackElo "2509"]
[WhiteElo "2355"]

1. e4 {[%clk 1:30:58]} c5 {[%clk 1:30:51]} 2. Nf3 {[%clk 1:31:21]} e6
{[%clk 1:31:15]} 3. b3 {[%clk 1:31:29]} b6 {[%clk 1:31:10]} 4. Bd3
{[%clk 1:31:34]} Bb7 {[%clk 1:31:14]} 5. O-O {[%clk 1:31:52]} Nc6
{[%clk 1:28:44]} 6. Re1 {[%clk 1:32:05]} d6 {[%clk 1:22:29]} 7. Bb2
{[%clk 1:31:30]} Nf6 {[%clk 1:22:51]} 8. Bf1 {[%clk 1:31:23]} Rc8
{[%clk 1:18:46]} 9. c3 {[%clk 1:28:29]} Be7 {[%clk 1:18:34]} 10. d4
{[%clk 1:28:20]} cxd4 {[%clk 1:18:42]} 11. cxd4 {[%clk 1:28:42]} d5
{[%clk 1:19:05]} 12. e5 {[%clk 1:21:02]} Ne4 {[%clk 1:19:22]} 13. a3
{[%clk 1:19:42]} O-O {[%clk 1:18:28]} 14. b4 {[%clk 1:15:27]} f5 {[%clk 1:09:58]}
15. exf6 {[%clk 1:14:20]} Bxf6 {[%clk 1:09:19]} 16. Nbd2 {[%clk 1:11:16]} Nxf2
{[%clk 0:59:46]} 17. Qb1 {[%clk 0:39:15]} Ne4 {[%clk 0:54:08]} 18. Nxe4
{[%clk 0:37:59]} dxe4 {[%clk 0:54:32]} 19. Rxe4 {[%clk 0:38:01]} Ne7
{[%clk 0:54:08]} 20. Rxe6 {[%clk 0:24:11]} Bxf3 {[%clk 0:49:46]} 21. gxf3
{[%clk 0:24:31]} Bxd4+ {[%clk 0:48:53]} 22. Kh1 {[%clk 0:23:08]} Nf5
{[%clk 0:46:10]} 23. Qa2 {[%clk 0:14:28]} Kh8 {[%clk 0:46:33]} 24. Bxd4
{[%clk 0:12:24]} Qxd4 {[%clk 0:44:02]} 25. Rae1 {[%clk 0:12:38]} Qf4
{[%clk 0:42:52]} 26. Bg2 {[%clk 0:07:28]} Rc1 {[%clk 0:42:48]} 27. Qf2
{[%clk 0:07:01]} h6 {[%clk 0:42:37]} 28. R6e4 {[%clk 0:06:18]} Qc7
{[%clk 0:43:01]} 29. Qd2 {[%clk 0:05:30]} Rc2 {[%clk 0:42:04]} 30. Qd5
{[%clk 0:04:00]} Qc8 {[%clk 0:39:08]} 31. a4 {[%clk 0:01:25]} Rd8
{[%clk 0:38:28]} 32. Qxd8+ {[%clk 0:00:43]} Qxd8 {[%clk 0:38:56]} 33. Re8+
{[%clk 0:01:12]} Qxe8 {[%clk 0:39:06]} 34. Rxe8+ {[%clk 0:01:37]} Kh7
{[%clk 0:39:29]} 35. Bf1 {[%clk 0:01:19]} Rd2 {[%clk 0:38:42]} 36. Bc4
{[%clk 0:00:33]} Nh4 {[%clk 0:38:39]} 37. Be2 {[%clk 0:00:37]} Rd4
{[%clk 0:37:47]} 38. Re4 {[%clk 0:00:36]} Rxe4 {[%clk 0:36:59]} 39. Bd3
{[%clk 0:00:34]} Kg6 {[%clk 0:36:44]} 40. Bxe4+ {[%clk 0:30:49]} Kg5
{[%clk 1:06:08]} 41. Kg1 {[%clk 0:29:22]} Kf4 {[%clk 1:06:25]} 42. Kf2
{[%clk 0:29:00]} g5 {[%clk 1:06:50]} 43. Bc6 {[%clk 0:13:46]} Nf5
{[%clk 1:05:11]} 44. a5 {[%clk 0:10:07]} Nd4 {[%clk 1:05:09]} 45. axb6
{[%clk 0:10:11]} axb6 {[%clk 1:05:34]} 46. b5 {[%clk 0:04:44]} h5
{[%clk 0:57:48]} 47. Kg2 {[%clk 0:02:10]} h4 {[%clk 0:53:05]} 48. Kh3
{[%clk 0:01:44]} Nf5 {[%clk 0:52:20]} 49. Kg2 {[%clk 0:01:40]} Ne3+
{[%clk 0:51:47]} 50. Kf2 {[%clk 0:01:37]} Nc4 {[%clk 0:52:00]} 51. Ke2
{[%clk 0:00:57]} Ne5 {[%clk 0:49:28]} 52. Kf2 {[%clk 0:01:07]} Nd3+
{[%clk 0:49:54]} 53. Ke2 {[%clk 0:00:59]} Nb4 {[%clk 0:50:21]} 54. Kf2
{[%clk 0:00:41]} Ke5 {[%clk 0:50:49]} 55. Be8 {[%clk 0:00:42]} Nd5
{[%clk 0:49:50]} 56. Bc6 {[%clk 0:00:37]} Kd4 {[%clk 0:49:53]} 57. Kg2
{[%clk 0:00:32]} Nf4+ {[%clk 0:49:05]} 58. Kf2 {[%clk 0:00:57]} Nd3+
{[%clk 0:48:24]} 59. Kg2 {[%clk 0:01:03]} Ke3 {[%clk 0:45:58]} 60. Kh3
{[%clk 0:00:42]} Ne5 {[%clk 0:44:41]} 61. Kg2 {[%clk 0:00:37]} Ke2
{[%clk 0:41:45]} 62. Kh3 {[%clk 0:00:42]} Kf2 {[%clk 0:40:13]} 63. f4
{[%clk 0:00:34]} gxf4 {[%clk 0:40:34]} 64. Kxh4 {[%clk 0:00:55]} Ke3
{[%clk 0:38:21]} 65. Kg5 {[%clk 0:00:37]} Nf3+ {[%clk 0:37:35]} 66. Bxf3
{[%clk 0:00:38]} Kxf3 {[%clk 0:38:01]} 67. h4 {[%clk 0:00:56]} Ke4
{[%clk 0:38:26]} 68. h5 {[%clk 0:00:47]} f3 {[%clk 0:38:52]} 69. h6
{[%clk 0:00:55]} f2 {[%clk 0:39:16]} 70. h7 {[%clk 0:01:22]} f1=Q
{[%clk 0:39:39]} 71. h8=Q {[%clk 0:01:45]} Qg2+ {[%clk 0:39:31]} 72. Kh6
{[%clk 0:00:55]} Qh3+ {[%clk 0:39:54]} 73. Kg7 {[%clk 0:01:22]} Qxh8+
{[%clk 0:40:03]} 74. Kxh8 {[%clk 0:01:47]} Kd5 {[%clk 0:40:27]} 75. Kg7
{[%clk 0:02:14]} Kc5 {[%clk 0:40:49]} 76. Kf6 {[%clk 0:02:40]} Kxb5
{[%clk 0:41:13]} 77. Ke5 {[%clk 0:03:07]} Kc4 {[%clk 0:41:37]} 0-1